000 00571nam a2200241Ia 4500
008 210210b1914 xxu||||| |||| 00| 0 eng d
041 _aeng
082 _a826/238
100 _aWARD (A W)
245 _aCambridge history of english literature Vol XI
260 _aCambridge
_bAt the University Press
_c1914
440 _aXI
650 _aXI
650 _aVol
650 _aof
650 _aliterature
650 _ahistory
650 _aenglish
650 _aCambridge
690 _aHistory of Literature
700 _aWALLER (A R) Ed
906 _a015786
999 _c135176
_d135176